000 00647nam a2200229Ia 4500
003 GCL
008 140319s9999 xx 000 0 ara d
040 _aGCL /
_cGCL
082 0 4 _a701.18
_bم ج
100 1 _aمحسن محمد عطية
245 1 0 _aجذور الفن /
_cمحسن محمد عطية
260 _a[S.N] :
_bدار المعارف ،
_c1994
300 _a196 ص
490 _a
650 0 4 _aالفن
650 0 4 _aالعصور الوسطى
650 0 4 _aالفن المسيحى
650 0 4 _aالتذوق الفنى
650 0 4 _aالفن المصرى
650 0 4 _aعصر النهضة (1300 - 1494)
942 _2ddc
_cBK
999 _c58526
_d58526